000 00425nam a2200157 a 4500
005 20140412111409.0
008 070706s19uu xx 00 eng d
020 _a971-834-071-8
050 _aM 892.49
_bT22 2003
100 _aShepherd, Linda
245 _aTeatime stories for mothers /
_cLinda Shepherd.
260 _aPhilippines :
_bLighthouse books,
_c2003.
300 _a279
650 _aMotherhood
999 _c105624
_d105624